Структура неэластического сопротивления лёгких и у лиц, подвергшихся воздействию радиации; Энергетика: экология, надежность, безопасность

Detalles Bibliográficos
Parent link:Энергетика: экология, надежность, безопасность.— 2010.— [С. 269-270]
Autor Principal: Якис О. В.
Outros autores: Тетенев Ф. Ф., Волкова Н. Н.
Summary:Заглавие с экрана.
Электронная версия печатной публикации
Idioma:ruso
Publicado: 2010
Subjects:
Acceso en liña:http://www.lib.tpu.ru/fulltext/v/Conferences/2010/K02/5100.pdf
Formato: Electrónico Capítulo de libro
KOHA link:https://koha.lib.tpu.ru/cgi-bin/koha/opac-detail.pl?biblionumber=205917

MARC

LEADER 00000naa2a2200000 4500
001 205917
005 20260127140208.0
035 |a (RuTPU)RU\TPU\book\224449 
035 |a RU\TPU\book\224448 
090 |a 205917 
100 |a 20111220d2010 k y0rusy50 ca 
101 0 |a rus 
102 |a RU 
135 |a drnn ---uucaa 
181 0 |a i  
182 0 |a b 
200 1 |a Структура неэластического сопротивления лёгких и у лиц, подвергшихся воздействию радиации  |f О. В. Якис, Ф. Ф. Тетенев, Н. Н. Волкова 
203 |a Текст  |c электронный 
215 |a 1 файл (313 Кб) 
300 |a Заглавие с экрана. 
300 |a Электронная версия печатной публикации 
337 |a Adobe Reader 
463 1 |0 (RuTPU)RU\TPU\book\205138  |t Энергетика: экология, надежность, безопасность  |o материалы докладов XVI Всероссийской научно-технической конференции, 8-10 декабря 2010 г., Томск  |f Национальный исследовательский Томский политехнический университет (ТПУ)); Российский фонд фундаментальных исследований (РФФИ); Томское профессорское собрание; Международная академия наук экологии и безопасности жизнедеятельности (МАНЭБ)  |v [С. 269-270]  |d 2010 
610 1 |a лёгкие 
610 1 |a сопротивление 
610 1 |a структура 
610 1 |a курение 
610 1 |a радиационное воздействие 
610 1 |a электронный ресурс 
700 1 |a Якис  |b О. В. 
701 1 |a Тетенев  |b Ф. Ф. 
701 1 |a Волкова  |b Н. Н. 
801 1 |a RU  |b 63413507  |c 20111130 
801 2 |a RU  |b 63413507  |c 20111220  |g RCR 
856 4 |u http://www.lib.tpu.ru/fulltext/v/Conferences/2010/K02/5100.pdf 
942 |c CF